Central Library OPAC University of Rajshahi

রুপজালাল / (Record no. 44982)

MARC details
000 -LEADER
fixed length control field 01012nam a2200241 a 4500
001 - CONTROL NUMBER
control field 44982
003 - CONTROL NUMBER IDENTIFIER
rucl marc code BD-RjUL
005 - DATE AND TIME OF LATEST TRANSACTION
control field 20211209053938.0
008 - FIXED-LENGTH DATA ELEMENTS--GENERAL INFORMATION
fixed length control field 160721s1984 bg a|||| ||| 000 0 ben d
020 ## - INTERNATIONAL STANDARD BOOK NUMBER
Terms of availability : Tk 50.00
035 ## - SYSTEM CONTROL NUMBER
System control number (BD-RjUL)45100
040 ## - CATALOGING SOURCE
Original cataloging agency BD-RjUL
Language of cataloging ben
Transcribing agency BD-RjUL
041 ## - LANGUAGE CODE
Language code of text/sound track or separate title ben
082 ## - DEWEY DECIMAL CLASSIFICATION NUMBER
Edition number 23
Classification number 891.4408
Author mark and year CHR 1984
100 10 - MAIN ENTRY--PERSONAL NAME
Personal name চৌধুরাণী, ফয়জুন্নেসা
9 (RLIN) 137856
245 10 - TITLE STATEMENT
Title রুপজালাল /
Statement of responsibility, etc. ফয়জুন্নেসা চৌধুরাণী ; সম্পাদনা মোহাম্মদ আবদুল কুদ্দুস
260 ## - PUBLICATION, DISTRIBUTION, ETC. (IMPRINT)
Place of publication, distribution, etc. ঢাকা :
Name of publisher, distributor, etc. বাংলা একাডেমী,
Date of publication, distribution, etc. ১৯৮৪ [১৩৯০]
300 ## - PHYSICAL DESCRIPTION
Pagination ৩১৩ পৃ. ;
Size ২০ সেমি.
650 ## - SUBJECT ADDED ENTRY--TOPICAL TERM
Topical term or geographic name as entry element বাংলাসাহিত্য
Form subdivision সংগ্রহ
9 (RLIN) 136999
Topical term or geographic name as entry element Bengali Literature
Form subdivision Collection
9 (RLIN) 122720
700 ## - ADDED ENTRY--PERSONAL NAME
Personal name মোহাম্মদ আবদুল কুদ্দুস
942 ## - ADDED ENTRY ELEMENTS (KOHA)
Source of classification or shelving scheme Dewey Decimal Classification
Koha item type Books
Holdings
Lost status Source of classification or shelving scheme Damaged status Not for loan Collection code Permanent Location Current Location Shelving location Date acquired Source of acquisition Cost, normal purchase price Total Checkouts Full call number Date last seen Copy number Koha item type Date checked out
  Dewey Decimal Classification     Non-fiction Central Library, University of Rajshahi Central Library, University of Rajshahi   10/01/1985 Bangla Academy , Dhaka 50.00   B 891.4408 CHR 1984 21/07/2016 C-2 Books  
  Dewey Decimal Classification     Non-fiction Central Library, University of Rajshahi Central Library, University of Rajshahi   10/01/1985 Bangla academy 50.00 2 B 891.4408 CHR 1984 20/11/2024 C-3 Books 31/07/2023